| 000 | 00533nam a2200193 4500 | ||
|---|---|---|---|
| 003 | OSt | ||
| 005 | 20140310182208.0 | ||
| 008 | 130905t xxu||||| |||| 00| 0 eng d | ||
| 020 | _a9781854713032 | ||
| 050 |
_aTX 642 _b.L729 1994 |
||
| 082 |
_aHS 641.813 _b L62 1994 |
||
| 100 |
_aLillie,Janet Marsh _916628 |
||
| 245 |
_aStep by step Soups / _c Janet Marsh Lillie. |
||
| 260 |
_aLondon : _b Bloomsbury Books, _c1994. |
||
| 300 |
_a48 p., _b ill.(col.) _c22 cm. |
||
| 650 |
_aSoup _916629 |
||
| 942 |
_2lcc _cHS |
||
| 999 |
_c10403 _d10403 |
||